000
00221nam a2200109Ia 4500
100
_a
CIMI-DGET
942
_c
BK
245
_a
MACHINIST-IIND YEAR PRACTICALS.
260
_b
CIMI
_a
Chennai
546
_a
ENGLISH
999
_c
34752
_d
34752